Responses for show #8257 - Tuesday, October 13, 2020

Kevin Walsh game 4.
Single-player Final Jeopardy!

Contestants

Natt Supab, a cancer research coordinator from Pico Rivera, California

Alex Switzky, a writer and producer from North Hollywood, California

Kevin Walsh, a story analyst originally from Williamstown, New Jersey (whose 3-day cash winnings total $62,900)

Jeopardy! Round responses

TREE OF A KIND
LANGUAGES
THE NOT-SO-ROARING '30s
WOMEN IN LITERATURE
ANTE POPE
(Alex Trebek: Each correct response will be a word that comes just before "pope" in the dictionary.)
NASCAR IN VEGAS
(Jimmie Johnson: ..., baby. I'm Jimmie Johnson with clues from the Las Vegas Motor Speedway, one of the regular stops on the NASCAR Cup Series circuit.) (Alex Trebek: Very popular sport.)
    $200 21
(Kevin: What's a beech?)

maples

Kevin
Triple Stumper
    $200 12
Hieroglyphics

Kevin
    $200 11
(Kevin: What is the dam?)
(Alex Switzky: What is the harvest?)

a bank

KevinAlex!
Triple Stumper
    $200 6
Elizabeth

Kevin
    $200 1
popcorn

Natt
    $200 26
Chevy

Alex!
    $400 22
a palm

Natt
    $400 13
Borat

Kevin
    $400 16
(Natt: What is an asteroid?)
(Alex Switzky: What is a dust bowl?)

a drought

Alex!Natt
Triple Stumper
    $400 7
Jane Eyre

Natt
    $400 2
a ponytail

Kevin
    $400 27
(Alex Switzky: What's the Indy 500?)

the Daytona 500

Alex!
Triple Stumper
    $600 23
spruce

Triple Stumper
    $600 14
(Alex Switzky: What is Breton?)

Dutch

KevinAlex!
    $600 17
a tariff

Kevin
    $600 8
A Wrinkle in Time

Alex!
    $600 3
pontificate

Kevin
    $600 28
Talladega

Alex!
    $800 24
olive trees

Alex!
    $800 15
a verb

Alex!
    $800 18
the Hindenburg

Kevin
    $800 9
Vanity Fair

Alex!
    $800 4
a pool table

Kevin
    $800 29
Dover

Kevin
    $100 25
(Alex Switzky: $100.)
(Alex Trebek: $100 only?)
(Alex Switzky: Yeah.)
(Alex Trebek: Don't feel confident dealing with trees?)
(Alex Switzky: Not so much.)
...
(Alex Switzky: Of course. What is [*]?)
(Alex Trebek: Yes, of course.)
(Alex Switzky: [Sighs])

eucalyptus

Alex!
    $1000 20
(Natt: What is Malaysia?)

Singapore

KevinNatt
    $1000 19
Ethiopia

Alex!
    $1000 10
As You Like It

Triple Stumper
    $1000 5
ponzu

Alex!
    $1000 30
(Alex Trebek: Our thanks to these talented drivers, these NASCAR drivers, for helping us out with that category.)

Richard Petty

Triple Stumper

Scores at the first commercial break (after clue 15):

Kevin Alex! Natt
$3,000 $2,400 $600

Scores at the end of the Jeopardy! Round:

Kevin Alex! Natt
$6,000 $4,300 -$400

Double Jeopardy! Round responses

MEDICAL HISTORY
OXYMORONS
AWARDS & HONORS
TV THEME SONG LYRICS
(Alex: You identify the show for us.)
THE CUBISTS
A BUNCH OF SQUARES
    $400 21
coolers

Alex!
    $400 1
virtual reality

Alex!
    $400 16
Edison

Natt
    $400 2
Mister Rogers' Neighborhood

Kevin
    $400 11
Red Square

Kevin
    $800 22
a brain surgeon

Kevin
    $800 7
(Alex Switzky: What's a draft?)
(Alex Trebek: A draft?)
(Alex Switzky: Rough draft?)

the original copy

Alex!
Triple Stumper
    $800 17
(Kevin: Who is Constantine?)

Charlemagne

KevinAlex!
    $800 3
Friends

Kevin
    $800 12
Tiananmen

Kevin
    $1200 23
(Alex Trebek: With less than a minute now.)

CBD

Alex!
    $2,800 8
bittersweet

Kevin
    $1200 18
Madeline

Triple Stumper
    $1200 4
Two and a Half Men

Alex!
    $5,900 26
(Alex Switzky: Who is St. Marie?)
[The end-of-round signal sounds.]

Gertrude Stein

Alex!
    $1200 13
Venice

Natt
    $1600 24
(Alex Switzky: What is prenatal?)

the ICUs

Alex!
Triple Stumper
    $1600 9
(Alex Switzky: What is anti-authoritarianism?)
(Natt: What is negative reinforcement?)

passive-aggressive

Alex!Natt
Triple Stumper
    $1600 19
Hugo

Alex!
    $1600 5
Malcolm in the Middle

Kevin
    $1600 14
Mexico City

Kevin
    $2000 25
(Alex Switzky: What is the appendix?)

the thymus

Alex!
Triple Stumper
    $2000 10
random order

Triple Stumper
    $2000 20
the Legion of Honor

Alex!
    $2000 6
Outlander

Triple Stumper
    $2000 15
Tahrir Square

Triple Stumper

Scores at the end of the Double Jeopardy! Round:

Kevin Alex! Natt
$14,400 $0 -$400
(lock game)

[wagering suggestions for these scores]

Final Jeopardy! Round responses

LITERARY PRONOUNS
KevinWhat is "It"?
$4,400
It

Final scores:

Kevin Alex! Natt
$18,800 $0 -$400
4-day champion: $81,700 2nd place: $2,000 3rd place: $1,000

Game dynamics:

Coryat scores:

Kevin Alex! Natt
$12,800 $6,800 -$400
19 R
(including 1 DD),
3 W
16 R
(including 1 DD),
9 W
(including 1 DD)
5 R,
3 W

Combined Coryat: $19,200

The J! Archive is created by fans, for fans. The Jeopardy! game show and all elements thereof, including but not limited to copyright and trademark thereto, are the property of Jeopardy Productions, Inc. and are protected under law. This website is not affiliated with, sponsored by, or operated by Jeopardy Productions, Inc. Join the discussion at JBoard.tv.